Score 0/6 Timer 03:00
0 Plays Today
% Correct
Silver Snakes
87.8%
Green Monkeys
83%
Blue Barracudas
81.9%
Purple Parrots
81.9%
Orange Iguanas
69.1%
Red Jaguars
63.3%

You're not logged in!

Compare scores with friends on all Sporcle quizzes.
OR
Log In

Sporcle TV

Today on Sporcle TV


Watch our educational content, quiz creation guides, and fun videos on Sporcle TV.

Show Comments

Extras

Top Quizzes Today


Score Distribution

Paid Content

Your Account Isn't Verified!

In order to create a playlist on Sporcle, you need to verify the email address you used during registration. Go to your Sporcle Settings to finish the process.

Report this User

Report this user for behavior that violates our Community Guidelines.

Details: